| 000 | 01170cam a2200361 a 4500 | ||
|---|---|---|---|
| 001 | 572781 | ||
| 003 | ARRUPE | ||
| 005 | 20161207083347.0 | ||
| 008 | 870615s1981 rur b 001 0 eng | ||
| 010 | _a 81191844 | ||
| 015 | _aUSSR*** | ||
| 035 | _a(OCoLC)8053156 | ||
| 035 | _a(OCoLC)ocm08053156 | ||
| 035 | _a(CStRLIN)NYCG87-B52574 | ||
| 035 | _a(NNC)572781 | ||
| 040 | _cDLC | ||
| 041 | 1 | _aengrus | |
| 050 | 0 | _aHD4854.T518 | |
| 082 | 0 |
_a305.5/6 _219 |
|
| 090 |
_aHD4854 _b.T518 |
||
| 100 | 1 |
_aTimofeev, T. T. _q(Timur Timofeevich) _927601 |
|
| 245 | 1 | 0 |
_aWorkers in society : _bpolemical essays / _cTimur Timofeyev ; [translated from the Russian by David Fidlon and Dudley Hagen]. |
| 260 |
_aMoscow : _bProgess Publishers, _c1981. |
||
| 300 |
_a319 p. ; _c21 cm. |
||
| 504 | _aIncludes bibliographical references and indexes. | ||
| 650 | 0 |
_aWorking class _xHistory _y20th century. _927602 |
|
| 650 | 0 |
_aCommunism _xHistory. _y20th century . _912212 |
|
| 650 | 0 |
_aCommunism and society _xHistory _y20th century. _927603 |
|
| 700 |
_aFidlon, David _etr. _927972 |
||
| 700 |
_aHagen, Dudley _etr. _927973 |
||
| 942 |
_2lcc _cMONOGRAPH |
||
| 999 |
_c125773 _d125773 |
||